The World Book Learning library Volume 1 Study Skills. (Record no. 852)

MARC details
005 - DATE AND TIME OF LATEST TRANSACTION
control field 20250318080332.0
020 ## - INTERNATIONAL STANDARD BOOK NUMBER
International Standard Book Number 0-7166-3185-7
082 ## - DEWEY DECIMAL CLASSIFICATION NUMBER
Classification number 370.152 ZEL
245 ## - TITLE STATEMENT
Title The World Book Learning library Volume 1 Study Skills.
260 ## - PUBLICATION, DISTRIBUTION, ETC.
Place of publication, distribution, etc. Chicago,
Name of publisher, distributor, etc. World Book,
Date of publication, distribution, etc. 1986.
300 ## - PHYSICAL DESCRIPTION
Extent 126p.: ill.; picture
Other physical details Index,
Dimensions 24cm
700 ## - ADDED ENTRY--PERSONAL NAME
Other authors/Editors ZELENY, O. R.
942 ## - ADDED ENTRY ELEMENTS (KOHA)
Source of classification or shelving scheme Dewey Decimal Classification
Koha item type Books
Holdings
Date last seen Total checkouts Full call number Barcode Cost, replacement price Price effective from Koha item type Lost status Source of classification or shelving scheme Damaged status Not for loan Withdrawn status Home library Current library Shelving location Date acquired Cost, normal purchase price
07/01/2025   371.36 WOR DOM0003799 120000.00 07/01/2025 Books   Dewey Decimal Classification       CBE Dodoma CBE Dodoma General Collection 07/01/2004 40000.00
03/18/2025   370.152 ZEL 0000003486 30000.00 03/18/2025 Books   Dewey Decimal Classification       College of Business Education Main Library College of Business Education Main Library General Collection 03/18/2025 10000.00